2020 Tim Hortons Brier Teams - Statistics

General Stats
  • This quiz has been taken 13 times
  • The average score is 23 of 64
Answer Stats
Position Name % Correct
Lead Ben Hebert
83%
Skip Brad Jacobs
83%
Skip Jamie Koe
83%
Lead Karrick Martin
83%
Skip Kevin Koe
83%
Third B.J. Neufeld
67%
Skip Brad Gushue
67%
Second Brad Thiessen
67%
Skip Brendan Bottcher
67%
Second Brett Gallant
67%
Second Colton Flasch
67%
Third Darren Moulding
67%
Lead Geoff Walker
67%
Third Marc Kennedy
67%
Third Mark Nichols
67%
Skip Mike McEwen
67%
Third Reid Carruthers
67%
Second Adam Casey
50%
Third Alex Forrest
50%
Lead Brent Laing
50%
Lead Colin Hodgson
50%
Lead Connor Njegovan
50%
Second Derek Samagalski
50%
Second E.J. Harnden
50%
Skip James Grattan
50%
Skip Jason Gunnlaugson
50%
Skip John Epping
50%
Skip Matt Dunstone
50%
Third Ryan Fry
50%
Lead Ryan Harnden
50%
Second Andy McCann
33%
Third Braeden Moskowy
33%
Skip Bryan Cochrane
33%
Lead Dustin Kidby
33%
Second Émile Asselin
33%
Lead Jamie Brannen
33%
Fourth Jim Cotter
33%
Second Mat Camm
33%
Third Paul Flemming
33%
Skip Thomas Scoffin
33%
Second Andrew Nerpin
17%
Second Catlin Schneider
17%
Third Ian MacAulay
17%
Third Paul Dobson
17%
Lead Rick Sawatsky
17%
Second Scott Saccary
17%
Skip Steve Laycock
17%
Skip Alek Bédard
0%
Lead Bradley Lequin
0%
Second Brett Winfield
0%
Second Christian Smitheram
0%
Lead Cole Parsons
0%
Third Dale Kohlenberg
0%
Third David Aho
0%
Lead Ed MacDonald
0%
Skip Jake Higgs
0%
Skip Jamie Murphy
0%
Lead Joe Wallingham
0%
Third Louis Quevillon
0%
Lead Mark O'Rourke
0%
Second Morgan Currie
0%
Lead Phil Crowell
0%
Second Shadrach Mcleod
0%
Third Trygg Jensen
0%
No matching quizzes found
Score Distribution
Percent of People with Each Score
Percentile by Number Answered
Your Score History
You have not taken this quiz